000
00323nam a2200145Ia 4500
100
_a
Narayanan/V.K
942
_c
BK
366
_f
25
245
_a
Managing technology and innovation for competitive advantage
260
_b
Pearson Education
_c
2001
082
_b
NAR
300
_a
510
546
_a
ENGLISH
999
_c
22402
_d
22402